| 000 | 00641nam a2200181 i 4500 | ||
|---|---|---|---|
| 001 | 44443 | ||
| 003 | ES-MaACL | ||
| 005 | 20230906161031.0 | ||
| 007 | t| | ||
| 008 | 030321s1884 sp ||||1| spa d | ||
| 100 | 1 |
_aClément, Félix. _939179 |
|
| 245 | 1 | 0 |
_aMúsicos célebres _b: biografías de los más ilustres compositores desde el siglo XVIII hasta nuestros días / _cpor Félix Clément ; versión española de A. Blanco Prieto. |
| 260 |
_aBarcelona : _bDaniel Cortezo y Cª, _c1884. |
||
| 300 |
_a417 p. ; _c21 cm. |
||
| 650 | 0 | 4 |
_aMúsicos- _vBiografías. _915425 |
| 700 | 1 |
_aPeratoner, Amancio. _990399 |
|
| 852 |
_aES-MaACL _jB-700 |
||
| 999 |
_c44443 _d44443 |
||